000 00647nam a22002057a 4500
003 NUST-PNEC
005 20170114142519.0
008 140503b xxu||||| |||| 00| 0 eng d
020 _a9788131724613
040 _cPNEC
082 _a005.1 SOM
100 _976
_aSommerville, Ian
245 _aSoftware engineering
_cIan Sommerville
250 _a8th ed.
260 _aNew Delhi
_bPearson Education
_cc.2007
300 _a864 p. :
_bill. :
_c24 cm.
500 _aIncludes index. http://www.amazon.com/SOFTWARE-ENGINEERING/dp/8131724611/ref=sr_1_1?s=books&ie=UTF8&qid=1399115182&sr=1-1&keywords=9788131724613
650 _xMIS
942 _2ddc
_cBK
999 _c60059
_d60059